[Event "Budapest-chT1 Lilienthal 1516"]
[Site "Budapest"]
[Date "2015.09.27"]
[Round "2"]
[White "Pongo, Istvan"]
[Black "Rakosi, Ferenc"]
[Result "0-1"]
[WhiteElo "1819"]
[BlackElo "1955"]
[PlyCount "44"]
[EventDate "2015.09.20"]
[EventType "team-tourn"]
[EventRounds "9"]
[EventCountry "HUN"]
[SourceTitle "EXT 2021"]
[Source "ChessBase"]
[SourceDate "2020.10.23"]
[SourceVersion "1"]
[SourceVersionDate "2020.10.23"]
[SourceQuality "1"]
[WhiteTeam "REAC SISE"]
[BlackTeam "Taban Spartacus II"]
[WhiteTeamCountry "HUN"]
[BlackTeamCountry "HUN"]

1. Nf3 d5 2. c4 c6 3. Nc3 e6 4. e3 Bd6 5. d4 f5 6. c5 Bc7 7. h4 Nf6 8. Ne5 0-0 9. Nd3 Qe7 10. b4 Nbd7 11. Ne2 a5 12. Bd2 Ne4 13. a3 Nxd2 14. Qxd2 axb4 15. Nxb4 e5 16. g3 exd4 17. exd4 Qe4 18. Rh2 f4 19. f3 Qxf3 20. Rf2 Qe4 21. Bg2 f3 22. Bh1 Bxg3 0-1

[Event "Budapest-chT1 Lilienthal 1213"]
[Site "Budapest"]
[Date "2013.02.03"]
[Round "7"]
[White "Fulop, Szabolcs"]
[Black "Rakosi, Ferenc"]
[Result "0-1"]
[WhiteElo "1912"]
[BlackElo "1929"]
[PlyCount "54"]
[EventDate "2012.09.30"]
[EventType "team-tourn"]
[EventRounds "11"]
[EventCountry "HUN"]
[SourceTitle "EXT 2019"]
[Source "ChessBase"]
[SourceDate "2018.10.10"]
[SourceVersion "1"]
[SourceVersionDate "2018.10.10"]
[SourceQuality "1"]
[WhiteTeam "Barcza GSC"]
[BlackTeam "Taban Spartacus II"]
[WhiteTeamCountry "HUN"]
[BlackTeamCountry "HUN"]

1. d4 d5 2. Nf3 c6 3. c3 e6 4. Bf4 f5 5. Nbd2 Nf6 6. e3 Bd6 7. Bg5 0-0 8. c4 Qe8 9. Bxf6 Rxf6 10. Ne5 f4 11. Nd3 fxe3 12. fxe3 e5 13. dxe5 Bxe5 14. cxd5 Bd4 15. e4 cxd5 16. Qb3 Be6 17. e5 Rf7 18. Nf3 Be3 19. Nb4 Bb6 20. Nxd5 Ba5+ 21. Nd2 Qd8 22. Bc4 Bxd2+ 23. Kxd2 Rd7 24. Rad1 Kh8 25. Ke1 Nc6 26. Ne3 Na5 27. Qb4 Nxc4 0-1

[Event "Budapest-chT1 Lilienthal 1213"]
[Site "Budapest"]
[Date "2012.11.11"]
[Round "3"]
[White "Rakosi, Ferenc"]
[Black "Farkas, Akos"]
[Result "1/2-1/2"]
[WhiteElo "1929"]
[BlackElo "1838"]
[PlyCount "125"]
[EventDate "2012.09.30"]
[EventType "team-tourn"]
[EventRounds "11"]
[EventCountry "HUN"]
[SourceTitle "EXT 2019"]
[Source "ChessBase"]
[SourceDate "2018.10.10"]
[SourceVersion "1"]
[SourceVersionDate "2018.10.10"]
[SourceQuality "1"]
[WhiteTeam "Taban Spartacus II"]
[BlackTeam "Sarkany II"]
[WhiteTeamCountry "HUN"]
[BlackTeamCountry "HUN"]

1. d4 Nf6 2. Nf3 g6 3. Bf4 Bg7 4. h3 d6 5. Nbd2 Nbd7 6. e3 0-0 7. Be2 c5 8. c3 b6 9. 0-0 Bb7 10. Qb3 Rc8 11. a4 e5 12. Bh2 e4 13. Ne1 d5 14. Bd6 Re8 15. dxc5 Nxc5 16. Bxc5 Rxc5 17. a5 Nd7 18. axb6 Qxb6 19. Qxb6 axb6 20. Nb3 Rc7 21. Bb5 Bc6 22. Bxc6 Rxc6 23. Ra6 Rec8 24. Nc2 Nc5 25. Nxc5 bxc5 26. Rxc6 Rxc6 27. Ra1 Be5 28. Ra8+ Kg7 29. Kf1 Rb6 30. Ra2 f5 31. f4 exf3 32. gxf3 f4 33. exf4 Bxf4 34. b4 cxb4 35. Nxb4 d4 36. Nd5 Rb1+ 37. Ke2 dxc3 38. Ra7+ Kh6 39. Nxc3 Rh1 40. Nd5 Bg5 41. f4 Bh4 42. Ra3 Rh2+ 43. Kf1 Rd2 44. Ne3 Rf2+ 45. Kg1 Rxf4 46. Ng4+ Kh5 47. Ne5 Rf5 48. Nf3 Be7 49. Rb3 Bc5+ 50. Kg2 g5 51. Rb7 Kg6 52. h4 g4 53. Ng5 h6 54. Ne4 Re5 55. Ng3 h5 56. Rc7 Be7 57. Rc6+ Kg7 58. Rc7 Kf6 59. Rc6+ Kf7 60. Rc7 Ke6 61. Rc6+ Kd7 62. Rh6 Bxh4 63. Rxh5 1/2-1/2

[Event "Budapest-chT1 Lilienthal 1213"]
[Site "Budapest"]
[Date "2012.09.30"]
[Round "1"]
[White "Karsai, Jozsef"]
[Black "Rakosi, Ferenc"]
[Result "1/2-1/2"]
[WhiteElo "1869"]
[BlackElo "1929"]
[PlyCount "81"]
[EventDate "2012.09.30"]
[EventType "team-tourn"]
[EventRounds "11"]
[EventCountry "HUN"]
[SourceTitle "EXT 2019"]
[Source "ChessBase"]
[SourceDate "2018.10.10"]
[SourceVersion "1"]
[SourceVersionDate "2018.10.10"]
[SourceQuality "1"]
[WhiteTeam "Penzugyor III"]
[BlackTeam "Taban Spartacus II"]
[WhiteTeamCountry "HUN"]
[BlackTeamCountry "HUN"]

1. e4 e5 2. Nf3 Nc6 3. Bc4 Bc5 4. 0-0 Nf6 5. Nc3 0-0 6. a3 a6 7. h3 d6 8. Re1 b5 9. Ba2 Bb7 10. d3 h6 11. Nh4 Nd4 12. b4 Bb6 13. Bd2 Kh7 14. Nf3 Qd7 15. Rc1 Rae8 16. Nxd4 Bxd4 17. Ne2 Ba7 18. Ng3 d5 19. Qe2 c5 20. Be3 d4 21. Bd2 g6 22. Kh1 Rc8 23. f4 exf4 24. Bxf4 Ng8 25. Rf1 Qe7 26. e5 cxb4 27. axb4 Qxb4 28. Ne4 Bxe4 29. Qxe4 Qe7 30. Bg3 Kg7 31. Rf2 Qa3 32. Ra1 Qb2 33. Rff1 Bb8 34. Qf3 Qxc2 35. Qd5 Rc7 36. e6 Ne7 37. Qf3 Nf5 38. Bxc7 Bxc7 39. exf7 Ng3+ 40. Kg1 Ne2+ 41. Kh1 1/2-1/2

[Event "Budapest-chT1 Lilienthal 1112"]
[Site "Budapest"]
[Date "2012.03.18"]
[Round "10"]
[White "Rakosi, Ferenc"]
[Black "Medve, Mark"]
[Result "1/2-1/2"]
[WhiteElo "1950"]
[BlackElo "1635"]
[PlyCount "96"]
[EventDate "2011.10.02"]
[EventType "team-tourn"]
[EventRounds "11"]
[EventCountry "HUN"]
[SourceTitle "EXT 2020"]
[Source "ChessBase"]
[SourceDate "2019.10.17"]
[SourceVersion "1"]
[SourceVersionDate "2019.10.17"]
[SourceQuality "1"]
[WhiteTeam "Taban Spartacus II"]
[BlackTeam "Budapest Ujpest KSE"]
[WhiteTeamCountry "HUN"]
[BlackTeamCountry "HUN"]

1. d4 Nf6 2. Nf3 e6 3. c4 c5 4. g3 cxd4 5. Nxd4 Nc6 6. Nf3 Bc5 7. Bg2 0-0 8. 0-0 b6 9. Nc3 Bb7 10. Bg5 Be7 11. e4 d6 12. Re1 Rc8 13. Rc1 Ng4 14. Bxe7 Qxe7 15. Nb5 Rfd8 16. Nbd4 Nge5 17. Nxe5 Nxe5 18. b3 Nc6 19. Nxc6 Bxc6 20. Qe2 Qb7 21. Rcd1 h6 22. Rd2 Rd7 23. f3 Rcd8 24. Red1 d5 25. cxd5 exd5 26. exd5 Bxd5 27. f4 Qc6 28. Bxd5 Rxd5 29. Rxd5 Rxd5 30. Rxd5 Qxd5 31. Qc2 g6 32. Qc8+ Kg7 33. Qc3+ f6 34. a3 Qc5+ 35. Qxc5 bxc5 36. Kf2 Kf7 37. Ke3 Ke6 38. Kd3 Kd5 39. Kc3 f5 40. a4 g5 41. a5 a6 42. h4 gxh4 43. gxh4 h5 44. Kd3 Kd6 45. Kc4 Kc6 46. Kc3 Kd6 47. Kd2 Kc6 48. Kd3 Kd5 1/2-1/2

[Event "Balatonalmadi Pannonia Cup 16th"]
[Site "Balatonalmadi"]
[Date "2011.07.27"]
[Round "1"]
[White "Rakosi, Ferenc"]
[Black "Rigo, Janos"]
[Result "0-1"]
[WhiteElo "1931"]
[BlackElo "2309"]
[PlyCount "50"]
[EventDate "2011.07.27"]
[EventType "swiss"]
[EventRounds "7"]
[EventCountry "HUN"]
[SourceTitle "EXT 2016"]
[Source "ChessBase"]
[SourceDate "2015.10.08"]
[SourceVersion "1"]
[SourceVersionDate "2015.10.08"]
[SourceQuality "1"]

1. d4 f5 2. g3 Nf6 3. Bg2 e6 4. Nf3 b5 5. Ne5 d5 6. 0-0 Bd6 7. c4 bxc4 8. Nxc4 0-0 9. Ne5 c5 10. Nc4 cxd4 11. Nxd6 Qxd6 12. b3 Qb6 13. Ba3 Re8 14. Nd2 Ba6 15. Nc4 Bxc4 16. bxc4 Qa6 17. Bb2 Qxc4 18. Bxd4 Nbd7 19. e3 e5 20. Bb2 Rab8 21. Ba3 e4 22. Qd2 Qb5 23. Rfd1 Ne5 24. Bd6 Nc4 25. Bf1 Nxd2 0-1